MotoGP Fahrer 2025 - Statistiken

Allgemein
  • Dieses Quiz wurde 43 mal gespielt
  • Das Durchschnittsergebnis liegt bei 22 aus 33
Antwortstatistiken
Team Nummer Marke Nation Fahrer % Korrekt
BK8 Gresini Racing MotoGP 73 Ducati Spanien Alex Marquez
97%
Ducati Lenovo Team(18) 93 Ducati Spanien Marc Marquez
97%
Aprilia Racing(8) 1 Aprilia Spanien Jorge Martin
87%
Prima Pramac Yamaha MotoGP 43 Yamaha Australien Jack Miller
85%
Red Bull KTM Factory Racing 37 KTM Spanien Pedro Acosta
82%
Red Bull KTM Factory Racing 33 KTM Südafrika Brad Binder
79%
Ducati Lenovo Team 63 Ducati Italien Francesco Bagnaia
79%
Aprilia Racing 72 Aprilia Italien Marco Bezzecchi
79%
Trackhouse MotoGP Team(20) 79 Aprilia Japan Ai Ogura
72%
Monster Energy Yamaha MotoGP Team 42 Yamaha Spanien Alex Rins
72%
Trackhouse MotoGP Team 25 Aprilia Spanien Raul Fernandez
72%
Honda HRC Castrol 36 Honda Spanien Joan Mir
69%
Castrol Honda LCR 5 Honda Frankreich Johan Zarco
69%
Red Bull KTM Tech3(17) 12 KTM Spanien Maverick Vinales
69%
Pertamina Enduro VR46 Racing Team 49 Ducati Italien Fabio Di Giannantonio
67%
Monster Energy Yamaha MotoGP Team(5) 7 Yamaha Spanien Augusto Fernandez
64%
Prima Pramac Yamaha MotoGP(3) 7 Yamaha Spanien Augusto Fernandez
64%
Monster Energy Yamaha MotoGP Team 20 Yamaha Frankreich Fabio Quartararo
64%
Red Bull KTM Tech3 23 KTM Italien Enea Bastianini
62%
Honda HRC Castrol(19) 10 Honda Italien Luca Marini
62%
Castrol Honda LCR(1) 30 Honda Japan Takaaki Nakagami
62%
Honda HRC Castrol(1) 30 Honda Japan Takaaki Nakagami
62%
Honda HRC Test Team(2) 30 Honda Japan Takaaki Nakagami
62%
BK8 Gresini Racing MotoGP 54 Ducati Spanien Fermin Aldeguer
59%
Pertamina Enduro VR46 Racing Team(21) 21 Ducati Italien Franco Morbidelli
56%
Prima Pramac Yamaha MotoGP(19) 88 Yamaha Portugal Miguel Oliveira
54%
Castrol Honda LCR(17) 35 Honda Thailand Somkiat Chantra
51%
Ducati Lenovo Team(2) 51 Ducati Italien Michele Pirro
46%
Aprilia Racing(14) 32 Aprilia Italien Lorenzo Savadori
44%
Ducati Lenovo Team(2) 11 Ducati Italien Nicolo Bulega
44%
Honda HRC Castrol(1) 41 Honda Spanien Aleix Espargaro
41%
Honda HRC Test Team(4) 41 Honda Spanien Aleix Espargaro
41%
Red Bull KTM Tech3(5) 44 KTM Spanien Pol Espargaro
41%
Keine übereinstimmenden Quizze gefunden
Verteilung der Resultate
Anzahl Personen mit jedem Resultat
Perzentil nach korrekt beantworteten Fragen
Ihre Resultats-Entwicklung
Sie haben dieses Quiz noch nicht gespielt